Elaboración de quesos de calidad /

Guardado en:
Autor Principal: Argentina Dirección de Agricultura Ganadería e Industria
Formato: Libro
Publicado: La Plata : , 1941
Materias:
Etiquetas: Agregar Etiqueta
Sin Etiquetas, Sea el primero en etiquetar este registro!
LEADER 00577nam a22001695a 4500
001 CEM.cems015674
005 20100805180413.0
008 130507s1941##################000#0#####d
003 CEMS
082 0 4 |a 637.3 
100 1 |a Argentina Dirección de Agricultura Ganadería e Industria 
245 1 0 |a Elaboración de quesos de calidad /  |c Ganadería E Industria Argentina Dirección de Agricultura, 
260 |a La Plata :  |b ,  |c 1941 
300 |a 80 p. 
653 |a Industrias lácteas 
653 |a Queso-elaboración 
859 |a CEMS  |b BIB. CEMS - Agricultura  |h 637.3  |i Ar37  |p A7214.79  |t Ej.1  |v 1  |3 Vol. 1